| 000 | 00787nam a2200217Ia 4500 | ||
|---|---|---|---|
| 003 | IIN | ||
| 005 | 20250325125243.0 | ||
| 008 | 250325s9999 xx adc 001 0 eng d | ||
| 020 |
_cRs.650.00 _a9789354669798 |
||
| 040 |
_aIIN _bEnglish |
||
| 082 |
_a611 _bCHA |
||
| 100 | 1 | _aChaurasia, BD | |
| 245 | 1 |
_aBD Chaurasia's Human Anatomy _bRegional and Applied Dissection and Clinical Upper Limb Thorax _cBD Chaurasia |
|
| 250 | _a10th ed | ||
| 260 |
_bCBS _aNew Delhi _c2025 |
||
| 300 |
_axx, 315 p. / V.1 _bcol. ill. _eWorkbook of Human Anatomy: Upper Limb Thorax |
||
| 500 | _aIncludes Index | ||
| 500 | _aVol. 1: Upper Limb and Thorax Vol. 2: Lower Limb, Abdomen and Pelvis Vol. 3: Head and Neck Vol. 4: Brain-Neuroanatomy | ||
| 650 | 1 |
_aAnatomy _xHuman Anatomy |
|
| 942 | _cBOOK | ||
| 999 |
_c1693 _d1693 |
||